000 00473nam a22001697a 4500
003 PILC
005 20150112093444.0
008 130227t xxu||||| |||| 00| 0 eng d
020 _a0203029054
050 _aLB 1028
_b.C678 2008
082 _aR 370.72
_bC66r 2007
100 _aCohen, Louis
_921453
245 _aResearch methods in education /
_cLouis Cohen ... [et,al.]
260 _aNew York :
_bRoutledge ,
_c2008.
300 _a638 pages :
_c25 cm.
942 _2lcc
_cBK
999 _c14846
_d14846